| 000 | 00622nam a2200121Ia 4500 | ||
|---|---|---|---|
| 008 | 220615s9999||||xx |||||||||||||| ||und|| | ||
| 100 | _aStiller, Sabina | ||
| 245 | 0 |
_aIdeational Leadership in German Welfare State Reform _bHow Politicians and Policy Ideas Transform Resilient Institutions |
|
| 546 | _aEnglish[eng] | ||
| 650 | _apublic administration||sociology||bestuurskunde||sociologie | ||
| 856 | _uhttps://library.oapen.org/bitstream/20.500.12657/34968/1/341460.pdf||https://library.oapen.org/bitstream/20.500.12657/34968/1/341460.pdf||https://library.oapen.org/bitstream/20.500.12657/34968/1/341460.pdf | ||
| 942 | _cEB | ||
| 999 |
_c16021 _d16021 |
||